| 000 | 01339nam a2200229Ia 4500 | ||
|---|---|---|---|
| 999 |
_c38124 _d38124 |
||
| 001 | 4112 | ||
| 003 | GE_BSU | ||
| 005 | 20190924122932.0 | ||
| 008 | 181216s2008||||ge |||||||||||||| ||geo|| | ||
| 040 | _cGE_BSU | ||
| 041 | _ageo | ||
| 080 | _a398(479.223) ს-24 | ||
| 245 |
_aსამხრეთ–დასავლეთ საქართველოს ზეპირსიტყვიერება : _b N13 / _cრედაქტორი თინა შიოშვილი. |
||
| 264 |
_aბათუმი : _bგამ-ბა "შოთა რუსთაველის სახელმწ. უნ-ტი", _c2008. |
||
| 300 |
_a141 გვ. ; _b20 სმ. |
||
| 653 | _aსაქართველოს ზეპირსიტყვიერება | ||
| 700 |
_aშიოშვილი, თინა _eრედაქტორი _91855 |
||
| 710 |
_aსაქართველოს სსრ მეცნიერებათა აკადემია _94272 |
||
| 710 |
_aბათუმის სამეცნიერო-კვლევითი ინსტიტუტი _94263 |
||
| 710 |
_aბათუმის ნ. ბერძენიშვილის სახელობის სამეცნიერო-კვლევითი ინსტიტუტი _94264 |
||
| 942 |
_cBK _2udc |
||